|
|
|
|
| LEADER |
00000nab a2200000 a 4500 |
| 001 |
vtls000114828 |
| 003 |
SK-MaSNL |
| 005 |
20260305010937.0 |
| 008 |
250423c1982 xo 0 slo |
| 015 |
|
|
|a SNBRB19rr/mm-uuuuu
|
| 035 |
|
|
|a CL0124932
|
| 035 |
|
|
|a urn:nbn:sk:snk-abbavo
|
| 035 |
|
|
|a (urnnbn)urn:nbn:sk:snk:ar-006hg6
|
| 035 |
|
|
|a (uuid)3b376a96-7a90-4c9c-b620-c390a0778cbe
|
| 040 |
|
|
|a SNKBUCL
|b slo
|c SNKBUCL
|e AACR2
|
| 041 |
0 |
|
|a slo
|
| 044 |
|
|
|a xo
|c SK
|
| 080 |
|
|
|a 82:929:885.4
|2 1981
|
| 080 |
|
|
|a 885.4
|2 1981
|
| 080 |
|
|
|a 929 Krišková, Elena
|2 1981
|
| 080 |
|
|
|a 82.035
|2 1981
|
| 080 |
|
|
|a 882(=854)
|2 1981
|
| 080 |
|
|
|a 882.035(=854)
|2 1981
|
| 100 |
1 |
|
|a Švenková, Viera,
|d 1937-
|4 aut
|
| 245 |
1 |
0 |
|a Náš hosť Elena Krišková
|c Viera Švenková, Elena Krišková
|
| 600 |
1 |
7 |
|a Krišková, Elena,
|d 1927-
|2 snkbucl
|9 108077
|
| 650 |
0 |
7 |
|a ruská literatúra
|2 snkbucl
|9 1204
|
| 650 |
0 |
7 |
|a literárny preklad
|2 snkbucl
|9 28595
|
| 650 |
0 |
7 |
|a sovietska literatúra
|2 snkbucl
|9 22300
|
| 655 |
|
7 |
|a články z novín a časopisov
|2 snkbucl
|9 267496
|
| 655 |
|
7 |
|a články z odboru literárna veda a krásna literatúra
|2 snkbucl
|9 770045
|
| 700 |
1 |
|
|a Krišková, Elena,
|d 1927-
|4 aut
|9 108077
|
| 773 |
0 |
|
|t Revue svetovej literatúry
|g Roč. 18, č. 1 (1982), s. 177-179
|
| 850 |
|
|
|a Slovenská národná knižnica
|
| 852 |
|
|
|a Slovenská národná knižnica
|
| 958 |
|
|
|a article15
|
| 958 |
|
|
|a BX
|
| 958 |
|
|
|a RK
|
| 958 |
|
|
|a LX
|
| 958 |
|
|
|a SK
|
| 958 |
|
|
|a OND
|
| 958 |
|
|
|a EUIPO
|
| 999 |
|
|
|c 3249708
|d 3251638
|